Tous les destinations de Air France depuis Orly - Statistiques

Statistiques générales
  • Ce quiz a été pris 37 fois
  • Le résultat moyen est 5 sur 10
Statistiques - réponses
Distance Réponse % Correct
626 km Marseille
81%
570 km Toulouse
81%
673 km Nice
75%
9352 km Saint-Denis
72%
6848 km Fort-de-France
56%
906 km Ajaccio
47%
879 km Bastia
44%
6748 km Pointe-à-Pitre
42%
959 km Figari
22%
850 km Calvi
19%
Aucun quiz correspondant
Distribution des résultats
% des personnes avec chaque résultat
Percentile par nombre de réponses
Votre historique - résultats
Vous n’avez pas pris ce quiz